| 000 | 00368nam a22001337a 4500 | ||
|---|---|---|---|
| 020 | _a9788130930886 | ||
| 040 | _cnust | ||
| 082 |
_a658.3 _bAST |
||
| 100 |
_aPhilips, Pulliam Patricia _9122929 |
||
| 245 | _aMeasuring and Evaluating Training | ||
| 260 |
_aIndia: _bVIVA books Pvt Ltd, _c2015. |
||
| 650 |
_aMeasuring and Evaluating Training _9122930 |
||
| 942 |
_2ddc _cBK |
||
| 999 |
_c609305 _d609305 |
||